000 00502nam a2200193Ia 4500
005 20250508150206.0
008 008 250505s9999 xx 000 0 eng d
037 _aTextual
040 _aFEDL
_beng
_cFEDL
041 _aeng
_2eng
084 _a110, MOR
_qFEDL
100 _aMorrish Furze
_949830
245 0 _aOutline of metaphysics
260 _aLondon, UK
_bRider and Company
300 _a204p.
650 _aPhilosophy
942 _cTEXL
_h110, MOR
999 _c1322301
_d1322301